The agony and the ecstasy (Record no. 62499)
[ view plain ]
| 000 -LEADER | |
|---|---|
| fixed length control field | 02381ngm a2200433 a 4500 |
| 001 - CONTROL NUMBER | |
| control field | vtls003053135 |
| 003 - CONTROL NUMBER IDENTIFIER | |
| control field | MY-SjTCS |
| 005 - DATE AND TIME OF LATEST TRANSACTION | |
| control field | 20200306170435.0 |
| 008 - FIXED-LENGTH DATA ELEMENTS--GENERAL INFORMATION | |
| fixed length control field | 081124s2004 139 000 v eng d |
| 020 ## - INTERNATIONAL STANDARD BOOK NUMBER | |
| International Standard Book Number | NO ISBN |
| 039 #9 - LEVEL OF BIBLIOGRAPHIC CONTROL AND CODING DETAIL [OBSOLETE] | |
| Level of rules in bibliographic description | 200811241821 |
| Level of effort used to assign nonsubject heading access points | VLOAD |
| Level of effort used to assign subject headings | 200708131210 |
| Level of effort used to assign classification | rosnani |
| Level of effort used to assign subject headings | 200706121014 |
| Level of effort used to assign classification | radtha |
| Level of effort used to assign subject headings | 200706061557 |
| Level of effort used to assign classification | radtha |
| -- | 200706041252 |
| -- | radtha |
| 082 04 - DEWEY DECIMAL CLASSIFICATION NUMBER | |
| Classification number | 791.4372 |
| Item number | AGO |
| 245 04 - TITLE STATEMENT | |
| Title | The agony and the ecstasy |
| Medium | [videorecording] / |
| Statement of responsibility, etc. | Twentieth Century Fox ; International Classics ; producer/director, Carol Reed ; screen story and screenplay, Philip Dunne. |
| 260 ## - PUBLICATION, DISTRIBUTION, ETC. | |
| Place of publication, distribution, etc. | Taipei City, Taiwan : |
| Name of publisher, distributor, etc. | Evervision Corp., |
| Date of publication, distribution, etc. | 2004 |
| 300 ## - PHYSICAL DESCRIPTION | |
| Extent | 1 videodisc (ca. 139 min.) : |
| Other physical details | sd., ; |
| Dimensions | 4 3/4 in. |
| 440 #0 - SERIES STATEMENT/ADDED ENTRY--TITLE | |
| Title | Oscar best movie collection |
| 9 (RLIN) | 285350 |
| 500 ## - GENERAL NOTE | |
| General note | Originally released as a motion picture in 1965 |
| 500 ## - GENERAL NOTE | |
| General note | Based on the novel of the same title by Irving Stone |
| 508 ## - CREATION/PRODUCTION CREDITS NOTE | |
| Creation/production credits note | Music composed and conducted by Alex North ; director of photography, Leon Shamroy ; art director, Jack Martin Smith ; production designed by John DeCuir ; film editor, Samuel E. Beetley |
| 511 1# - PARTICIPANT OR PERFORMER NOTE | |
| Participant or performer note | Charlton Heston, Rex Harrison, Diane Cilento, Harry Andrews, Alberto Lupo, Adolfo Celi |
| 520 ## - SUMMARY, ETC. | |
| Summary, etc. | When Pope Julius II (Harrison) commissions Michelangelo (Heston) to paint the ceiling of the Sistine Chapel, the artist initially refuses. Virtually forced to do the job by Julius, he later destroys his own work and flees Rome. Eventually resumed, the project becomes a battle of wills fueled by the artistic and temperamental differences that form the core of this movie. |
| 538 ## - SYSTEM DETAILS NOTE | |
| System details note | DVD |
| 600 00 - SUBJECT ADDED ENTRY--PERSONAL NAME | |
| Personal name | Michelangelo Buonarroti, |
| Dates associated with a name | 1475-1564 |
| Form subdivision | Drama |
| 9 (RLIN) | 25738 |
| 610 20 - SUBJECT ADDED ENTRY--CORPORATE NAME | |
| Corporate name or jurisdiction name as entry element | Cappella Sistina (Vatican Palace, Vatican City) |
| Form subdivision | Drama |
| 9 (RLIN) | 285351 |
| 650 #0 - SUBJECT ADDED ENTRY--TOPICAL TERM | |
| Topical term or geographic name entry element | Sistine Chapel (Vatican Palace, Vatican City) |
| Form subdivision | Drama. |
| 9 (RLIN) | 285352 |
| 650 #0 - SUBJECT ADDED ENTRY--TOPICAL TERM | |
| Topical term or geographic name entry element | Feature films |
| Geographic subdivision | Rome. |
| 9 (RLIN) | 285353 |
| 650 #0 - SUBJECT ADDED ENTRY--TOPICAL TERM | |
| Topical term or geographic name entry element | Religious films. |
| 9 (RLIN) | 285354 |
| 700 1# - ADDED ENTRY--PERSONAL NAME | |
| Personal name | Reed, Carol, |
| Dates associated with a name | 1906- |
| 9 (RLIN) | 285355 |
| 700 1# - ADDED ENTRY--PERSONAL NAME | |
| Personal name | Heston, Charlton |
| 9 (RLIN) | 81849 |
| 700 1# - ADDED ENTRY--PERSONAL NAME | |
| Personal name | Harrison, Rex |
| 9 (RLIN) | 82539 |
| 700 1# - ADDED ENTRY--PERSONAL NAME | |
| Personal name | Cilento, Diane |
| 9 (RLIN) | 285356 |
| 700 1# - ADDED ENTRY--PERSONAL NAME | |
| Personal name | Andrews, Harry |
| 9 (RLIN) | 285357 |
| 700 1# - ADDED ENTRY--PERSONAL NAME | |
| Personal name | Lupo, Alberto |
| 9 (RLIN) | 285358 |
| 700 1# - ADDED ENTRY--PERSONAL NAME | |
| Personal name | Celi, Adolfo, |
| Dates associated with a name | 1922-1986 |
| 9 (RLIN) | 285359 |
| 700 1# - ADDED ENTRY--PERSONAL NAME | |
| Personal name | North, Alex |
| 9 (RLIN) | 24793 |
| 700 1# - ADDED ENTRY--PERSONAL NAME | |
| Personal name | Stone, Irving, |
| Dates associated with a name | 1903- |
| Title of a work | Agony and the ecstasy |
| 9 (RLIN) | 285360 |
| 710 2# - ADDED ENTRY--CORPORATE NAME | |
| Corporate name or jurisdiction name as entry element | Twentieth Century Fox Home Entertainment, Inc. |
| 9 (RLIN) | 13222 |
| 920 ## - Programme | |
| Programme | LAC : LCDVDV028 |
| Withdrawn status | Lost status | Source of classification or shelving scheme | Damaged status | Not for loan | Home library | Current library | Date acquired | Cost, normal purchase price | Total Checkouts | Barcode | Date last seen | Date last checked out | Copy number | Cost, replacement price | Koha item type | Public note |
|---|---|---|---|---|---|---|---|---|---|---|---|---|---|---|---|---|
| Dewey Decimal Classification | Taylor's Library-TU | Taylor's Library-TU | 04/06/2007 | 8.90 | 1000136956 | 05/12/2019 | 20/04/2010 | 1 | 8.90 | Media Resources | SLASx,21003,02,GR |